<?xml version="1.0" encoding="UTF-8"?>
<marc:record xmlns:marc="http://www.loc.gov/MARC21/slim">
   <marc:leader>00000nam a2200000 a 4500</marc:leader>
   <marc:datafield ind1="1" ind2=" " tag="100">
      <marc:subfield code="a">Pevetz, Werner</marc:subfield>
      <marc:subfield code="4">aut</marc:subfield>
      <marc:subfield code="e">Verfasser/-in</marc:subfield>
   </marc:datafield>
   <marc:datafield ind1=" " ind2=" " tag="653">
      <marc:subfield code="a">Beruf</marc:subfield>
   </marc:datafield>
   <marc:datafield ind1=" " ind2=" " tag="653">
      <marc:subfield code="a">Arbeitsmarkt</marc:subfield>
   </marc:datafield>
   <marc:datafield ind1=" " ind2=" " tag="653">
      <marc:subfield code="a">Regionalwirtschaft</marc:subfield>
   </marc:datafield>
   <marc:datafield ind1=" " ind2=" " tag="653">
      <marc:subfield code="a">Zukunft</marc:subfield>
   </marc:datafield>
   <marc:datafield ind1="0" ind2="0" tag="245">
      <marc:subfield code="a">Zukunft der Arbeit - welche Arbeit hat Zukunft?</marc:subfield>
   </marc:datafield>
   <marc:datafield ind1=" " ind2="1" tag="264">
      <marc:subfield code="a">Wien</marc:subfield>
      <marc:subfield code="b">Club Niederösterreich</marc:subfield>
      <marc:subfield code="c">1997</marc:subfield>
   </marc:datafield>
   <marc:datafield ind1="1" ind2=" " tag="520">
      <marc:subfield code="a">Werner Pevetz sieht zwar die Gloablisierung als insgesamt unvermeidlich an, deshalb macht es auch keinen Sinn, gegen sie anzurennen, andererseits ist sie jedoch keineswegs der Inbegriff unserer Arbeitsmarktprobleme und -chancen. "In den voll dem weltweiten Wettbewerb ausgesetzten Bereichen wird es gerade auch mit High-tech-Förderung nicht möglich sein, per saldo mehr Arbeitsplätze zu schaffen; was wir allenfalls erreichen können, ist eine Abbremsung des Arbeitsplatzverlustes." V.a. aber beklagt der Verfasser dieser Broschüre die Einfallslosigkeit derer, die die aktuelle krise unserer Arbeitsgesellschaft allein oder überwiegend durch schematische Arbeitszeitverkürzungen glauben "beheben" zu können.</marc:subfield>
   </marc:datafield>
   <marc:datafield ind1="0" ind2=" " tag="490">
      <marc:subfield code="v">0</marc:subfield>
   </marc:datafield>
   <marc:datafield ind1=" " ind2=" " tag="300">
      <marc:subfield code="a">80 S.</marc:subfield>
   </marc:datafield>
</marc:record>
